| 000 | 00416nam a22001457a 4500 | ||
|---|---|---|---|
| 020 | _a0-8167-3592-1 | ||
| 082 |
_a823 _bSKU/C |
||
| 100 | _aSKURZYNSKI, GLORIA | ||
| 245 | _aCAITLIN'S BID IDEA | ||
| 260 |
_aUS _bTROLL ASSOCIATES _c1995 |
||
| 300 | _a58 | ||
| 520 | _aCAITLIN TRIES HARD TO BE HELPFUL. BUT SHE JUST CAN'T HELP IT- ALL HER BEST IDEAS SEEM TIO TURN INTO DISASTERS. | ||
| 650 | _aSHORT STORY | ||
| 942 | _cBK | ||
| 999 |
_c6639 _d6639 |
||